000 00964nam a2200217 i 4500
001 25194
003 ES-MaACL
005 20241010164919.0
007 t|
008 021220s1975 fr ||||1| fre d
100 1 _aApollinaire, Guillaume,
_d1880-1918
_922095
245 1 0 _aOeuvres poétiques /
_cGuillaume Apollinaire ; préface par André Billy ; texte établé et annoté par Marcel Ademá et Michel Décaudin.
260 _a[París] :
_bGallimard,
_c[1975]
300 _aLXXV, 1267 p. ;
_c18 cm.
505 8 _aContiene: Le bestiaire. Alcools. Vitam impendere amori. Calligrammes. Il y a. Poèmes a Lou. Le guetteur mélancolique. Poèmes a Madeleine. Poèmes a la marraine. Poèmes retrouvés. Poèmes épistolaires. Poèmes inédits. Théatre.
700 0 _aBilly, André,
_d1882-1971
_928895
700 1 _aAdema, Marcel.
_918434
700 1 _aDécaudin, Michel.
_943154
852 _aES-MaACL
_jE-9653
_bR.94127
999 _c25194
_d25194